000 00825nam a2200325Ia 4500
003 OSt
005 20231106145228.0
008 210210b2008 xxu||||| |||| 00| 0 eng d
020 _a9788126508853
040 _cAL
041 _aeng
082 _a003 SILO
100 _aSILBERSCHATZ (Abraham)
_9140952
245 _aOperating system Concepts: windows XP update
250 _a6
260 _aNew Delhi
_bWiley Eastern Pvt Ltd.
_c2008
300 _a951
650 _aXP
_9140953
650 _awindows
_9140954
650 _aupdate
_9140955
650 _asystem
_9140956
650 _aOperating
_9140957
650 _aEd
_9140958
650 _aConcepts
_9140959
650 _a6:
_9140960
690 _aOperating Systems
_9140961
700 _aGALVIN (Peter Baer)
_9140962
906 _a063791
942 _2ddc
_cBK
999 _c138901
_d138901